000 00656nam a22002177a 4500
003 OSt
005 20180411085958.0
008 130307t xxu||||| |||| 00| 0 eng d
020 _a0130491403
050 _aQD 31.2
_b.B88 2004
082 _aIB 540
_bC42 2004
100 _aBrown, Theodore L.
245 _aChemistry :
_cKenneth W. Whitten, Raymond E. Davis, M. Larry Peck and George G. Stanley.
_bthe central science
250 _a9th ed.
260 _aJurong, Singapore :
_bPearson Education (Asia) Pte Ltd.
_cc2004.
300 _axxxvii, 1045 p.
_bill. ;
_c27 cm.
526 _c920L-1120L
562 _e1
942 _2lcc
_cBK
999 _c2120
_d2120